zpět

Detail výsledku týmu

Kentaur ST, Brno

Datum a čas kvízu

19.5 Celkem bodů Celkový počet nahraných bodů na tomto kvízu bez doplňovacích otázek.
6. Pořadí na kvízu Konečné umístění týmu na tomto kvízu.

Zaznamenané odpovědi

# Otázka Odpověď Body Výsledky
1. Mimořádně cenné záběry z jisté... 1
2. Německé město Trevír minulý tý... 0
3. Kdo poslouchal dne 21. března... 1
4. Majitelé účtů v České spořitel... 0
5. V minulých dnech bylo rozhodnu... 0
6. Budeme se zabývat slovy, která... 0
7. Bezpečnostní informační služba... 0
8. Který známý japonský spisovate... 0
9. Logo které mezinárodní organiz... 1
10. Na fotce je zobrazen hrad, kte... 1